| 000 | 01411cam a2200409 4500 | ||
|---|---|---|---|
| 999 |
_c23235 _d23235 |
||
| 001 | vtls011858879 | ||
| 005 | 20220428102947.0 | ||
| 008 | 210624s2019 xo er 010 fdslo | ||
| 020 |
_a9788055165226 _q(viazané) |
||
| 035 | _aECB1D6EB-4F64-4672-BF1E-EA72CCF09A37 | ||
| 035 | _aurn:nbn:sk:snk-am3id1m | ||
| 035 | _aurn:nbn:sk:snk-am00e3y1 | ||
| 040 |
_aZKSE _bslo _cZKSE _dSNK _erda |
||
| 041 | 1 |
_aslo _hger |
|
| 044 |
_axo _cSK |
||
| 072 | 7 |
_a821.112.2-3 _xNemecká próza, nemecky písaná _2konspekt |
|
| 080 |
_a821.112.2(436)-31 _22011 |
||
| 080 |
_a(0:82-312.4) _22011 |
||
| 100 | 1 |
_aGruber, Andreas, _d1968- _4aut _93054 |
|
| 240 | 1 | 0 |
_aTodesfrist _lSlovensky |
| 245 | 1 | 0 |
_aČas smrti _cAndreas Gruber ; preložila Martina Šturcelová |
| 264 | 1 |
_aBratislava _bIkar _c2019 |
|
| 300 |
_a382 strán _c21 cm |
||
| 336 |
_atext _btxt _2rdacontent |
||
| 337 |
_abez média _bn _2rdamedia |
||
| 338 |
_azväzok _bnc _2rdacarrier |
||
| 500 | _aPreložené z nemčiny | ||
| 500 | _aObsahuje biografické údaje o autorovi na prebale publikácie | ||
| 655 | 7 |
_arakúske romány _2SNKPH _93055 |
|
| 655 | 7 |
_atrilery (romány) _2SNKPH _92135 |
|
| 655 | 7 |
_aAustrian fiction _2SNKPHeng _93056 |
|
| 655 | 7 |
_aThrillers (novels) _2SNKPHeng _91722 |
|
| 700 | 1 |
_aŠturcelová, Martina _c(prekladateľka) _4trl _92548 |
|
| 958 | _aLX | ||
| 958 | _aUP | ||